000
00258nam a2200109Ia 4500
008
220630s9999 xx 000 0 und d
020
_a
978 0 14 353051 0
082
_a
EF MORG
100
_a
Morgan Alistair
_9
125515
245
0
_a
Sleeper's wake
942
_c
BK
_w
561
_x
John Tresidder
_y
561
_z
John Tresidder
999
_c
699504
_d
699503